000 00775nam a2200217 a 4500
999 _c9534
_d9534
001 9534
003 BD-JhCC
005 20180318130021.0
008 180318s1998 bg a|||| ||a| 000 0 ben d
035 _a(BD-JhCC)9534
040 _aBD-JhCC
_dBD-JhCC
041 _aben
082 _a591
_bBAN 1998
100 _aবানু, নাসিম
245 _aউচ্চ মাধ্যমিক প্রাণিবিজ্ঞান তত্ত্বীয় ও ব্যবহারিক (জীববিজ্ঞান : দ্বিতীয় পত্র ) /
_cনাসিম বানু,
260 _aঢাকা :
_bহাসান বুক হাউস,
_c1998
300 _a442 p. :
_c24 cm.
650 _aZooloy
650 _aAnimals
942 _2ddc
_cBK